[Event "Charleroi op"]
[Site "Roux"]
[Date "2019.08.01"]
[Round "7"]
[White "Bruno, Ricardo"]
[Black "Moreels, Yves"]
[Result "1-0"]
[WhiteElo "2007"]
[BlackElo "2079"]
[PlyCount "33"]
[EventDate "2019.07.27"]
[EventType "swiss"]
[EventRounds "9"]
[EventCountry "BEL"]
[SourceTitle "CBM 191 Extra"]
[Source "ChessBase"]
[SourceDate "2019.09.30"]
[SourceVersion "1"]
[SourceVersionDate "2019.09.30"]
[SourceQuality "1"]

1. e4 Nc6 2. Nf3 d5 3. exd5 Qxd5 4. Nc3 Qa5 5. Be2 Bg4 6. 0-0 0-0-0 7. d3 Nf6 8. Ng5 Be6 9. Nxe6 fxe6 10. Bf3 Nd4 11. Be3 Nf5 12. Qe2 g5 13. Bxa7 Rd6 14. Be3 Rg8 15. Ne4 Ra6 16. Nc5 g4 17. Bxb7+ 1-0

[Event "Charleroi op"]
[Site "Roux"]
[Date "2019.07.30"]
[Round "5"]
[White "Godde, Matthias"]
[Black "Moreels, Yves"]
[Result "0-1"]
[WhiteElo "1989"]
[BlackElo "2079"]
[PlyCount "82"]
[EventDate "2019.07.27"]
[EventType "swiss"]
[EventRounds "9"]
[EventCountry "BEL"]
[SourceTitle "CBM 191 Extra"]
[Source "ChessBase"]
[SourceDate "2019.09.30"]
[SourceVersion "1"]
[SourceVersionDate "2019.09.30"]
[SourceQuality "1"]

1. e4 Nc6 2. Nf3 d5 3. exd5 Qxd5 4. Nc3 Qa5 5. d4 Bg4 6. Be2 0-0-0 7. Be3 Nf6 8. Nd2 Bxe2 9. Qxe2 Qf5 10. Nb3 e6 11. 0-0 Nd5 12. Rac1 Nf4 13. Bxf4 Qxf4 14. Qe3 Qf5 15. Ne4 h5 16. c3 Rh6 17. Qe2 a6 18. Rfd1 Rg6 19. Nbc5 Qd5 20. Nd3 Bd6 21. b4 Kb8 22. f3 h4 23. Ndc5 f5 24. Nxd6 cxd6 25. Nd3 Qc4 26. Qb2 e5 27. dxe5 h3 28. g3 f4 29. g4 dxe5 30. Nc5 Rgd6 31. Rxd6 Rxd6 32. Re1 Rd8 33. a4 a5 34. Nxb7 Kxb7 35. bxa5+ Ka8 36. Qb6 Rb8 37. Qc7 Qc5+ 38. Kh1 Qxc3 39. Rf1 Qc4 40. Rd1 Qc3 41. Rf1 Qc2 0-1